zpět

Detail výsledku týmu

Smíchovská Tankovna, Benešov

Datum a čas kvízu

18 Celkem bodů Celkový počet nahraných bodů na tomto kvízu bez doplňovacích otázek.
5. Pořadí na kvízu Konečné umístění týmu na tomto kvízu.

Zaznamenané odpovědi

# Otázka Odpověď Body Výsledky
1. "Jsme otrlý arogantní a hloupý... Team America 0
2. Vzpomeňte si na jméno tohoto h... Seann William Scott 0
3. Poznáte podle tohoto obrázku n... Lidská stonožka 0
4. Film Hele vole, kde mám káru s... převaděč spojitosti 1
5. V poslední otázce tématu nás b... Soňa Polónyiová 0
6. Od kolika let si můžete legáln... od 18 let 0
7. V kolika letech dosahují lidé... v 16 letech 0
8. Který z následujících států je... D 1
9. Ve Francii je to minimálně 18... minimální věk prezidenta 0
10. Nanggol je rituál domorodců z... jde o předchůdce bungee jumpingu 1